Edgar Wallace Filme - Statistiken

Allgemein
  • Dieses Quiz wurde 97 mal gespielt
  • Das Durchschnittsergebnis liegt bei 19 aus 38
Antwortstatistiken
Hint Antwort % Korrekt
1964 Der Hexer
86%
1959 Der Frosch mit der Maske
84%
1961 Die toten Augen von London
74%
1965 Der unheimliche Mönch
72%
1971 Die Tote aus der Themse
72%
1967 Der Mönch mit der Peitsche
69%
1965 Neues vom Hexer
69%
1963 Das indische Tuch
68%
1963 Der Zinker
66%
1962 Das Gasthaus an der Themse
65%
1961 Der grüne Bogenschütze
65%
1968 Der Hund von Blackwood Castle
61%
1963 Der schwarze Abt
59%
1966 Der Bucklige von Soho
58%
1961 Das Geheimnis der gelben Narzissen
55%
1960 Der rote Kreis
53%
1967 Die blaue Hand
51%
1961 Die seltsame Gräfin
50%
1968 Der Gorilla von Soho
49%
1962 Die Tür mit den 7 Schlössern
49%
1966 Das Geheimnis der weißen Nonne
46%
1964 Das Verrätertor
46%
1960 Die Bande des Schreckens
45%
1968 Im Banne des Unheimlichen
45%
1972 Das Geheimnis der grünen Stecknadel
41%
1960 Der Rächer
38%
1964 Die Gruft mit dem Rätselschloss
38%
1964 Zimmer 13
38%
1966 Das Rätsel des silbernen Dreiecks
36%
1969 Der Mann mit dem Glasauge
36%
1962 Das Rätsel der roten Orchidee
35%
1961 Der Fälscher von London
32%
1965 Sanders und das Schiff des Todes
31%
1969 Das Gesicht im Dunkeln
30%
1972 Das Rätsel des silbernen Halbmonds
27%
1963 Todestrommeln am großen Fluss
23%
1971 Der Teufel kam aus Akasava
20%
1963 Der Fluch der gelben Schlange
16%
Keine übereinstimmenden Quizze gefunden
Verteilung der Resultate
Anzahl Personen mit jedem Resultat
Perzentil nach korrekt beantworteten Fragen
Ihre Resultats-Entwicklung
Sie haben dieses Quiz noch nicht gespielt